000
00412nam a2200145Ia 4500
008
100122s9999 xx 000 0 und d
082
_b
28176
_a
823
100
_a
आठल्ये अनिल
245
_a
सुप्रभात
260
_b
प्रमोद प्रकाशन
_c
1905
300
_a
153
630
_a
सुप्रभात
730
_a
सुप्रभात
942
_c
BOOK
999
_c
413941
_d
413938